Famous Artifacts by Picture - Statistics

General Stats
  • This quiz has been taken 1,351 times
    290 since last reset
  • The average score is 7 of 15
Answer Stats
Picture Answer % Correct
{Tutankhamun}'s Mask
98%
The Rosetta Stone
84%
{Nefertiti} Bust
76%
Terracotta Army
72%
Venus de Milo
65%
Bust of {Ramesses} {II}
64%
{Moai}
53%
The Shroud of Turin
47%
Dead Sea Scrolls
46%
Discobolus
25%
Book of {Kells}
21%
Mask of {Agamemnon}
20%
The {Voynich} Manuscript
19%
{Babylonian} Map of the World
12%
Nebra {Sky} Disc
12%
No matching quizzes found
Score Distribution
Percent of People with Each Score
Percentile by Number Answered
Your Score History
You have not taken this quiz since the last reset